Loading...
| Ancient History and Archaeology | 2 | 10.00 | 100% | 0% | 0% |
| Beliefs | 5 | 8.00 | 80% | 0% | 0% |
| British and Commonwealth History | 2 | 5.00 | 50% | 0% | 0% |
| Fine Arts - Auditory Fine Arts | 4 | 15.00 | 100% | 50% | 0% |
| Fine Arts - Visual Fine Arts | 3 | 6.67 | 67% | 0% | 0% |
| History - American History | 2 | 5.00 | 50% | 0% | 0% |
| History - European History | 1 | 10.00 | 100% | 0% | 0% |
| History - World History | 3 | 6.67 | 67% | 0% | 0% |
| Literature - American Literature | 2 | 5.00 | 50% | 0% | 0% |
| Literature - British Literature | 1 | 20.00 | 100% | 100% | 0% |
| Literature - European Literature | 1 | 10.00 | 100% | 0% | 0% |
| Other Academic | 2 | 10.00 | 100% | 0% | 0% |
| Other Arts: Auditory | 2 | 15.00 | 100% | 50% | 0% |
| Other Science: Astronomy | 1 | 10.00 | 100% | 0% | 0% |
| Other Science: Computer Science | 1 | 0.00 | 0% | 0% | 0% |
| Other Science: Earth Science | 1 | 0.00 | 0% | 0% | 0% |
| Philosophy | 2 | 15.00 | 100% | 50% | 0% |
| Science - Biology | 2 | 15.00 | 100% | 50% | 0% |
| Science - Chemistry | 2 | 5.00 | 50% | 0% | 0% |
| Science - Physics | 3 | 3.33 | 33% | 0% | 0% |
| Social Science | 3 | 10.00 | 67% | 0% | 33% |
| World and Other Literature | 5 | 10.00 | 60% | 20% | 20% |